• AIU
  • Tony Wilmot Memorial Library

Upgrading and repairing laptops / (Record no. 60794)

MARC details
000 -LEADER
fixed length control field 00996cam a22002894a 4500
001 - CONTROL NUMBER
control field 12867621
003 - CONTROL NUMBER IDENTIFIER
control field OSt
005 - DATE AND TIME OF LATEST TRANSACTION
control field 20141119164453.0
008 - FIXED-LENGTH DATA ELEMENTS--GENERAL INFORMATION
fixed length control field 020724s2004 inua b 001 0 eng
010 ## - LIBRARY OF CONGRESS CONTROL NUMBER
LC control number 2002110536
020 ## - INTERNATIONAL STANDARD BOOK NUMBER
International Standard Book Number 0789728001
035 ## - SYSTEM CONTROL NUMBER
System control number (DLC) 2002110536
040 ## - CATALOGING SOURCE
Original cataloging agency DLC
Transcribing agency DLC
Modifying agency DLC
042 ## - AUTHENTICATION CODE
Authentication code pcc
050 00 - LIBRARY OF CONGRESS CALL NUMBER
Classification number TK7887
Item number .M835 2004
082 00 - DEWEY DECIMAL CLASSIFICATION NUMBER
Classification number 004.16
Edition number 22
100 1# - MAIN ENTRY--PERSONAL NAME
Personal name Mueller, Scott.
9 (RLIN) 33649
245 10 - TITLE STATEMENT
Title Upgrading and repairing laptops /
Statement of responsibility, etc Scott Mueller.
246 14 - VARYING FORM OF TITLE
Title proper/short title Scott Mueller's upgrading and repairing laptops
260 ## - PUBLICATION, DISTRIBUTION, ETC. (IMPRINT)
Place of publication, distribution, etc Indianapolis, Ind. :
Name of publisher, distributor, etc Que,
Date of publication, distribution, etc c2004.
300 ## - PHYSICAL DESCRIPTION
Extent viii, 882 p. :
Other physical details ill. ;
Dimensions 24 cm. +
Accompanying material 1 CD-ROM (4 3/4 in.)
504 ## - BIBLIOGRAPHY, ETC. NOTE
Bibliography, etc Includes bibliographical references and index.
650 #0 - SUBJECT ADDED ENTRY--TOPICAL TERM
Topical term or geographic name as entry element Laptop computers
General subdivision Maintenance and repair.
9 (RLIN) 33650
906 ## - LOCAL DATA ELEMENT F, LDF (RLIN)
a 7
b cbc
c orignew
d 2
e epcn
f 20
g y-gencatlg
942 ## - ADDED ENTRY ELEMENTS (KOHA)
Source of classification or shelving scheme Library of Congress Classification
Koha item type Books
Holdings
Withdrawn status Lost status Source of classification or shelving scheme Damaged status Not for loan Collection code Home library Current library Shelving location Date acquired Source of acquisition Cost, normal purchase price Total Checkouts Full call number Barcode Date last seen Date checked out Copy number Price effective from Koha item type
    Library of Congress Classification     General Circulation AIU/NEGST - Tony Wilmot Memorial Library AIU/NEGST - Tony Wilmot Memorial Library General Stacks 11/19/2014 Donation 70.00 1 TK 7887.M835 2004 R31548A3232 02/08/2022 01/28/2022 1 11/19/2014 Books